College Quizbowl Stats
College Quizbowl Stats
Circuits
Seasons
Sets
Records
Detailed Stats
About
Loading...
Northeast
Tossups
Bonuses
Players
Teams
Categories (Tossup)
Categories (Bonus)
Brendan Bittmann
Boston College A
Categories
Category
Powers
Gets
Negs
BBs
Points
Earliest Buzz
Avg. Buzz
First Buzzes
Top 3 Buzzes
BPA
PVF
History - European
0
2
0
1
20
55
74.00
0
0
6.27
8.33
Literature - World
0
1
0
0
10
64
64.00
0
1
5.14
9.26
Mythology
0
1
0
0
10
83
83.00
0
0
2.24
0.93
Popular Culture
0
1
0
0
10
113
113.00
0
0
0.65
6.25
Buzzes
Category
Answer
Value
Buzz Position
History - European
Algeria
10
55
Literature - World
One Hundred Years of Solitude
10
64
Mythology
United States
10
83
History - European
Serbia
10
93
Popular Culture
New York Giants
10
113
Previous
1
Next